Forbes 25 Fictional Quiz Stats

 Plays Quiz not verified by Sporcle

Challenge
Share
Tweet
Embed
Score 0/25 Timer 07:00
0 Plays Today
Revenue Company % Correct
$31.3 billionWayne Enterprises
63.6%
$20.3 billionStark Industries
50%
$22.6 billionUmbrella Corporation
22.7%
$3.1 billionOscorp
22.7%
$348.7 billionAcme Corporation
18.2%
$291.8 billionMomCorp
18.2%
$163.4 billionRich Industries
18.2%
$157.1 billionSoylent Corporation
18.2%
$18.1 billionClampett Oil
18.2%
$4.4 billionGringotts
13.6%
$1.7 trillionCHOAM
4.5%
$61.5 billionWarbucks Industries
4.5%
$59.4 billionTyrell Corporation
4.5%
Revenue Company % Correct
$5.8 billionYoyodyne Propulsion Systems
4.5%
$327.2 billionSirius Cybernetics Corporation
0%
$146.6 billionVery Big Corporation of America
0%
$112.9 billionFrobozz Magic Company
0%
$24.9 billionVirtucon
0%
$23.7 billionGlobex
0%
$21 billionWonka Industries
0%
$7.8 billionOceanic Airlines
0%
$5.5 billionCyberdyne Systems Corporation
0%
$5 billiond'Anconia Copper
0%
$2.5 billionNakatomi Trading Corporation
0%
$1.3 billionSpacely Space Sprockets
0%

You're not logged in!

Compare scores with friends on all Sporcle quizzes.
OR
Log In

You Might Also Like...

Show Comments

Extras

Top Quizzes Today


Score Distribution

Your Account Isn't Verified!

In order to create a playlist on Sporcle, you need to verify the email address you used during registration. Go to your Sporcle Settings to finish the process.

Report this User

Report this user for behavior that violates our Community Guidelines.

Details: